| 000 | 01067nam a2200265 a 4500 | ||
|---|---|---|---|
| 003 | MX-MxUPN | ||
| 005 | 20231128063919.0 | ||
| 008 | 190626s2008 mx a r 000 0 spa d | ||
| 035 | _aUPN01000231590 | ||
| 040 |
_aMX-MxUPN _bspa _cMX-MxUPN |
||
| 041 | 0 | _aMixteco | |
| 050 | 1 | 4 |
_aLB1578.333 M55 _bN35 2008 |
| 245 | 0 | 0 |
_aÑa kúu ta yíyo yatin xi'in tu'un savi = _bVivencias y sucesos cercanos en lengua mixteca : tu'un savi yuku ñu'un xi'in ñu'un ndivi lo'o ñuu kuachi : mixteco de la Montaña y de la Costa Chica de Guerrero 5° |
| 246 | 1 | 1 | _aVivencias y sucesos cercanos en lengua mixteca 5° |
| 250 | _aPrimera edición. | ||
| 260 |
_aMéxico, D.F. : _bSecretaría de Educación Pública, _c2008. |
||
| 300 |
_a77 páginas : _bilustraciones |
||
| 546 | _aTexto en mixteco con presentación en español | ||
| 650 | 4 |
_aCartilla mixteca _98146 |
|
| 650 | 4 |
_aIndígenas de México _zGuerrero _xLenguas _915337 |
|
| 650 | 4 |
_aMixteco _xEstudio y enseñanza (Elemental) _925558 |
|
| 902 | _aVíctor Ruiz/051023 | ||
| 942 |
_2lcc _cLIBRO |
||
| 999 |
_c203685 _d203685 |
||